| 000 | 00349nam a22001577a 4500 | ||
|---|---|---|---|
| 003 | SGT | ||
| 005 | 20260530124751.0 | ||
| 020 | _a81-7224-373-1 | ||
| 082 |
_a302.23 _bKUM |
||
| 100 | _aKUMAR, KEVAL J. | ||
| 245 | _aMASS COMMUNICATION IN INDIA | ||
| 250 | _a5TH | ||
| 260 |
_aINDIA _bJAICO BOOKS PUB. _c2021 |
||
| 300 | _a630 | ||
| 942 |
_2ddc _cBK |
||
| 999 |
_c22587 _d22587 |
||